000
00281 a2200133 4500
001
14407
020
_a
9780746088111
040
_c
Anchieta - Aquarius
240
1
0
_a
Cinderella
_l
por
245
1
0
_a
Cinderella
300
_a
10p.
650
4
_a
Literatura infanto-juvenil
942
_c
BK
999
_c
14407
_d
14407